| 000 | 00564nam a2200169 4500 | ||
|---|---|---|---|
| 001 | 143300 | ||
| 003 | ES-MaACL | ||
| 005 | 20230906200756.0 | ||
| 007 | t| | ||
| 008 | 070214s1962 sp r ||||1| spa d | ||
| 100 | 1 |
_aSerra Ruiz, Rafael. _9105657 |
|
| 245 | 1 | 0 |
_aJuan de la Cierva, jurista murciano / _cRafael Serra Ruiz. |
| 260 |
_aMurcia : _bPatronato de Cultura de la Excma. Diputación, _c1962 ( _fImp. Provincial) |
||
| 300 |
_a252 p., 5 lám. ; _c21 cm. |
||
| 710 | 2 |
_aPatronato Provincial de Cultura (Murcia) _96196 |
|
| 852 |
_aES-MaACL _jC-21537 _bR.49819 |
||
| 999 |
_c143300 _d143300 |
||